Cryptography and Network Security/ (Record no. 190873)

MARC details
000 -LEADER
fixed length control field 01124nam a22002177a 4500
005 - DATE AND TIME OF LATEST TRANSACTION
control field 20220808150504.0
010 ## - LCCN (DPL NO)
LC control number ENG-134355
020 ## - INTERNATIONAL STANDARD BOOK NUMBER
International Standard Book Number 9789393797151
Terms of availability 350.00
035 ## - SYSTEM CONTROL NUMBER
System control number EN-117887
037 ## - SOURCE OF ACQUISITION
Source of stock number/acquisition DBAD/PUB
082 ## - DEWEY DECIMAL CLASSIFICATION NUMBER
Classification number 005.8
100 ## - MAIN ENTRY--PERSONAL NAME
Personal name N.J., Krishnakumar
245 ## - TITLE STATEMENT
Title Cryptography and Network Security/
Statement of responsibility, etc Krishnakumar N.J. [et.al...]
260 ## - PUBLICATION, DISTRIBUTION, ETC. (IMPRINT)
Place of publication, distribution, etc Tamil Nadu
Name of publisher, distributor, etc Shanlax Publications
Date of publication, distribution, etc 2022
270 ## - ADDRESS
Address 61, 66 T.P.K. Main Road, Vasantha Nagar
City Madurai
Postal code 625003
300 ## - PHYSICAL DESCRIPTION
Extent 191p.
Dimensions 24cm(pbk)
700 ## - ADDED ENTRY--PERSONAL NAME
Personal name Rafi, Shaik Mohammad
700 ## - ADDED ENTRY--PERSONAL NAME
Personal name Nanivadekar, Sameer S
700 ## - ADDED ENTRY--PERSONAL NAME
Personal name Ambekar, Rahul K.
942 ## - ADDED ENTRY ELEMENTS (KOHA)
Source of classification or shelving scheme Dewey Decimal Classification
Item type English Books
Classification part 005.8
Call number suffix KRI
Holdings
Withdrawn status Lost status Not for loan Collection code Home library Current library Date acquired Source of acquisition Cost, normal purchase price Full call number Barcode Copy number Cost, replacement price Koha item type
      Non-fiction Bawana Bawana 08/08/2022 DBAD/PUB 350.00 005.8 KRI EN-117887 1 350.00 English Books

© Delhi Public Library
Hit Counter
free hit counter